[Event "Palmi op 5th"]
[Site "Palmi"]
[Date "2012.01.04"]
[Round "6"]
[White "Marzaduri, Marco R"]
[Black "Pierandrei, Danilo"]
[Result "1/2-1/2"]
[WhiteElo "1848"]
[BlackElo "1888"]
[PlyCount "103"]
[EventDate "2012.01.02"]
[EventType "swiss"]
[EventRounds "9"]
[EventCountry "ITA"]
[SourceTitle "CBM 146 Extra"]
[Source "ChessBase"]
[SourceDate "2012.02.29"]
[SourceVersion "1"]
[SourceVersionDate "2012.02.29"]
[SourceQuality "1"]

1. e4 e5 2. Nf3 Nf6 3. Bc4 Nxe4 4. d3 Nd6 5. Bb3 Nc6 6. 0-0 Be7 7. Re1 0-0 8. Nxe5 Nxe5 9. Rxe5 Re8 10. Nc3 c6 11. Bf4 Bf6 12. Rxe8+ Nxe8 13. Qf3 d5 14. Re1 Be6 15. Qg3 Bh4 16. Qf3 Nd6 17. Ne2 Qd7 18. h3 Bf6 19. c3 Nf5 20. g4 Nh4 21. Qg3 Ng6 22. d4 Nxf4 23. Nxf4 Re8 24. Bc2 Bg5 25. Nxe6 fxe6 26. h4 Bd8 27. Qd3 g6 28. g5 Qf7 29. Re3 Qf4 30. Rh3 Qf5 31. Qxf5 exf5 32. Re3 Rxe3 33. fxe3 Kg7 34. Kg2 h6 35. gxh6+ Kxh6 36. Kh3 Kg7 37. b3 Kf6 38. c4 dxc4 39. bxc4 Ke6 40. e4 fxe4 41. Bxe4 Kf6 42. Kg4 Bc7 43. a4 Bd8 44. c5 Kg7 45. d5 cxd5 46. Bxd5 Be7 47. c6 bxc6 48. Bxc6 a5 49. Be8 Bf6 50. h5 gxh5+ 51. Kxh5 Kf8 52. Bb5 1/2-1/2

[Event "Palmi op 5th"]
[Site "Palmi"]
[Date "2012.01.03"]
[Round "4"]
[White "Marzaduri, Marco R"]
[Black "Gregori, Giacomo"]
[Result "0-1"]
[WhiteElo "1848"]
[BlackElo "2023"]
[PlyCount "100"]
[EventDate "2012.01.02"]
[EventType "swiss"]
[EventRounds "9"]
[EventCountry "ITA"]
[SourceTitle "CBM 146 Extra"]
[Source "ChessBase"]
[SourceDate "2012.02.29"]
[SourceVersion "1"]
[SourceVersionDate "2012.02.29"]
[SourceQuality "1"]

1. e4 d6 2. d4 Nf6 3. Nc3 c6 4. f3 Nbd7 5. Be3 Qb6 6. Rb1 e5 7. Nge2 Be7 8. dxe5 Qxe3 9. exf6 Nxf6 10. Qd4 Qxd4 11. Nxd4 g6 12. b4 Bd7 13. b5 0-0 14. bxc6 bxc6 15. Rb7 Rfb8 16. Ba6 Bd8 17. Kd2 Bb6 18. Rb1 Re8 19. R7xb6 axb6 20. Rxb6 Rab8 21. Na4 c5 22. Nb5 Rxb6 23. Nxb6 Bxb5 24. Bxb5 Rb8 25. Nd7 Nxe4+ 26. fxe4 Rxb5 27. Nf6+ Kf8 28. Kc3 Ra5 29. Kb3 Ra7 30. Nxh7+ Kg7 31. Ng5 Re7 32. Kc4 f6 33. Nf3 Rxe4+ 34. Kb5 Rb4+ 35. Kc6 Ra4 36. Kxd6 Rxa2 37. Ne1 Ra1 38. Nd3 c4 39. Nb4 Rg1 40. g3 Rg2 41. Kc5 c3 42. Kc4 Rxh2 43. Kxc3 Rh3 44. Kd4 Rxg3 45. c4 Rg4+ 46. Kd5 f5 47. c5 Rxb4 48. c6 Rb8 49. c7 Rc8 50. Kd6 Rxc7 0-1

[Event "Palmi op 5th"]
[Site "Palmi"]
[Date "2012.01.02"]
[Round "2"]
[White "Marzaduri, Marco R"]
[Black "Carlomagno, Vincenzo"]
[Result "1-0"]
[WhiteElo "1848"]
[BlackElo "1970"]
[PlyCount "63"]
[EventDate "2012.01.02"]
[EventType "swiss"]
[EventRounds "9"]
[EventCountry "ITA"]
[SourceTitle "CBM 146 Extra"]
[Source "ChessBase"]
[SourceDate "2012.02.29"]
[SourceVersion "1"]
[SourceVersionDate "2012.02.29"]
[SourceQuality "1"]

1. e4 c5 2. d4 cxd4 3. Nf3 Nc6 4. Nxd4 Nf6 5. Nc3 d6 6. Be2 g6 7. Be3 Bg7 8. f3 0-0 9. Qd2 Bd7 10. g4 Qa5 11. Nb3 Qd8 12. Bh6 Ne5 13. h4 Rc8 14. h5 Bh8 15. Bxf8 Qxf8 16. hxg6 hxg6 17. 0-0-0 Bg7 18. g5 Nh5 19. f4 Nc4 20. Bxc4 Rxc4 21. Qd3 Rc8 22. f5 Be5 23. fxg6 fxg6 24. Qd5+ e6 25. Qxb7 Bc6 26. Qxa7 Qf4+ 27. Kb1 Bxe4 28. Nxe4 Qxe4 29. Qf2 Bg3 30. Qd2 Nf4 31. Rhg1 Ne2 32. Rge1 1-0